1522 1962 1773 1832 1046 1063 1025 1424 1637 1169 1642 1475 1733 1977 1944 1603 1774 1468 1702 1657 1990 1215 1292 1367 1499 1481 1482 1689 1896 1217 1973 1305 1385 1294 1072 1836 1672 1078 1691 1894 1982 1331 1330 1679 1685 1065 1717 1404 1143 1189 1649 1279 1076 1285 1803 1957 1554 1248 1308 1110 1823 1651 1547 1642 1753 1907 1856 1724 1543 1699 1188 1129 1943 1627 1303 1243 1914 1665 1950 1151 1137 1105 1243 1926 1838 1131 1278 1769 1638 1472 1133 1067 1610 1508 1039 1261 1717 1169 1195 BCNSPRNW ULIB Ver.6.0+V

เปลี่ยนเป็นภาษาไทย

Change to English
 แสดงรายละเอียดบรรณานุกรม
  กลับหน้าหลัก

Brief Record : Get Marc (ISO 2709) : E-mail record : QR code < ปิดหน้าต่าง
LEADER : 00000nam 2200000uu 4500
001    13399121596
003     ULIB
008    121126s2547||||th 000 0 tha d
020    ^a9749507231
060 04 ^aWT104^bพ565ว
100 0  ^aพันธ์ศักดิ์ ศุกระฤกษ์
245 10 ^aวัยทอง /^cโดย พันธ์ศักดิ์ ศุกระฤกษ์
246 34 ^aเคล็ดลับสู่ความสดใสในวัยทอง
250    ^aพิมพ์ครั้งที่ 4
260    ^aกรุงเทพฯ :^bหมอชาวบ้าน,^c2547
300    ^a119 หน้า :^bภาพประกอบ ;^c21 ซม.
650  7 ^aผู้สูงอายุ^xสุขภาพและอนามัย
650  7 ^aผู้สูงอายุ^xการดูแลตนเอง
650  7 ^aเวชศาสตร์ผู้สูงอายุ
650  7 ^aวัยหมดระดู
650  7 ^aผู้ชายวัยทอง^xสุขภาพและอนามัย
650  7 ^aผู้หญิงวัยทอง^xสุขภาพและอนามัย
945    ^p150^l0^i13951
945    ^p150^l0^i16501
995    ^aวิภา
999 ^a ใช้งานได้ทุกระบบ
รายการนี้ยังไม่มีแท็ก
คุณยังไม่ได้ล็อกอิน คุณสามารถมีกิจกรรมร่วมกับเว็บไซต์ได้ แต่ต้องล็อกอินก่อน ::
  ล็อกอิน

รายการสื่อสารสนเทศ

ลำดับที่ ประเภท เลขเรียก/บาร์โค้ด สถานที่ สถานะ
1. วิทยาศาสตร์การแพทย์ และสุขภาพ
วิทยาศาสตร์การแพทย์ และสุขภาพ
WT104 พ565ว  
  Barcode: 13951
ห้องสมุดวิทยาเขตสวรรค์ประชารักษ์
►หนังสือทั่วไป
บนชั้น
2. วิทยาศาสตร์การแพทย์ และสุขภาพ
วิทยาศาสตร์การแพทย์ และสุขภาพ
WT104 พ565ว ฉ.2 
  Barcode: 16501
ห้องสมุดวิทยาเขตนครสวรรค์
►หนังสือทั่วไป:l:General Books
บนชั้น

รายการใกล้เคียง
    ผู้แต่ง [พันธ์ศักดิ์ ศุกระฤกษ์]

    หัวเรื่อง [เวชศาสตร์ผู้สูงอายุ]
    หัวเรื่อง [วัยหมดระดู]

BibComment


ยังไม่เคยถูกคอมเมนท์

คอมเมนท์ทรัพยากรรายการนี้
  คอมเมนท์: วัยทอง โดย พันธ..


 Copyright 2026. Bcnsprnw @Library